000
00210 a2200097 4500
001
7127
100
_a
Khalid, M
245
_a
Welfare state : A case study
260
_a
_b
Royal Book Co
_c
090
_c
5896
_d
5896
942
_a
NUST-CAE
_c
M
_c
32373
999
_c
242200
_d
242200